| 000 | 00717nam a2200217 i 4500 | ||
|---|---|---|---|
| 001 | 117578 | ||
| 003 | ES-MaACL | ||
| 005 | 20250801063033.0 | ||
| 007 | t| | ||
| 008 | 070214s1944 sp r ||||1| spa d | ||
| 100 | 1 |
_aPedro Pons, A., _d1898-1971 _989929 |
|
| 245 | 1 | 3 |
_aLa brucelosis humana (fiebre de Malta-enfermedad de Bang) / _cProf. A. Pedro Pons y Dr. P. Farreras Valentí. |
| 260 |
_aBarcelona : _bSalvat, _c1944. |
||
| 300 |
_a251 p. ; _c23 cm. |
||
| 490 | 1 | _aManuales de medicina práctica | |
| 650 | 4 |
_aBruceliasis. _9147045 |
|
| 700 | 1 |
_aFerreras Valentí, P. _950532 |
|
| 830 | 0 |
_aManuales de medicina práctica _9181070 |
|
| 852 |
_aES-MaACL _jE-865 _bR.20745 |
||
| 999 |
_c117578 _d117578 |
||